| 000 | 00945nam a2200253Ia 4500 | ||
|---|---|---|---|
| 003 | OSt | ||
| 005 | 20220923211105.0 | ||
| 006 | a|||||r|||| 00| 0 | ||
| 007 | ta | ||
| 008 | 220922b |||||||| |||| 00| 0 hin d | ||
| 020 |
_a8179170926 (hbk) _c525 |
||
| 024 | _a245,503 | ||
| 037 |
_b379, 11/02/2011, Swaraj Prakashan _cTextual |
||
| 040 |
_aARTS _cARTS _bhin |
||
| 041 |
_2hin _ahin |
||
| 082 | _aVvN, 152P7 | ||
| 100 |
_aहॉब्सबाम, एरिक; चैतन्य, कृष्ण, अनु. _9158111 |
||
| 245 | 0 | _aइतिहासकार की चिंता | |
| 246 | _aItihāsakār kī chiantā | ||
| 260 |
_aदिल्ली _b ग्रंथ शिल्पी _c2007 |
||
| 300 |
_a335पृ. _ccm. |
||
| 942 |
_hVvN, 152P7 _cTEXL _2CC |
||
| 999 |
_c295106 _d295106 |
||